Ciencia de la administración (Registro nro. 2242)
[ vista simple ]
| 000 -LEADER | |
|---|---|
| fixed length control field | 00904 a2200241 4500 |
| 001 - CONTROL NUMBER | |
| control field | 32080 |
| 005 - DATE AND TIME OF LATEST TRANSACTION | |
| control field | 20260407155621.0 |
| 008 - FIXED-LENGTH DATA ELEMENTS--GENERAL INFORMATION | |
| fixed length control field | 260407a1961 arg spa d |
| 003 - CONTROL NUMBER IDENTIFIER | |
| control field | AR-UNSa-BCEJYS |
| 040 ## - CATALOGING SOURCE | |
| Original cataloging agency | AR-UNSa-BCEJYS |
| Language of cataloging | spa |
| Transcribing agency | AR-UNSa-BCEJYS |
| 080 ## - UNIVERSAL DECIMAL CLASSIFICATION NUMBER | |
| Universal Decimal Classification number | 658 |
| Common auxiliary subdivision | Administración de empresas. Organización comercial |
| 041 ## - LANGUAGE CODE | |
| Language code of text/sound track or separate title | spa |
| 100 1# - MAIN ENTRY--PERSONAL NAME | |
| Personal name | Mosher, Frederick C. |
| 245 10 - TITLE STATEMENT | |
| Title | Ciencia de la administración |
| 264 #1 - PRODUCTION, PUBLICATION, DISTRIBUTION, MANUFACTURE, AND COPYRIGHT NOTICE | |
| Place of production, publication, distribution, manufacture | Madrid : |
| Name of producer, publisher, distributor, manufacturer | Ediciones Rialp |
| Date of production, publication, distribution, manufacture, or copyright notice | 1961 |
| 300 ## - PHYSICAL DESCRIPTION | |
| Extent | 577 p. |
| Dimensions | 23 cm. |
| 505 ## - FORMATTED CONTENTS NOTE | |
| Formatted contents note | 1. El campo de la ciencia de la administración - 2. Estructura de la organización administrativa - 3. Procedimiento de la organización administrativa - 4. El empleo público - 5. El estudio de la ciencia de la administración |
| 590 ## - LOCAL NOTE (RLIN) | |
| Local note | niveau_biblio:m niveau_hierar:0 |
| 700 1# - ADDED ENTRY--PERSONAL NAME | |
| Personal name | Cimmino, Salvatore |
| 700 1# - ADDED ENTRY--PERSONAL NAME | |
| Personal name | Escalante, José A. |
| 700 1# - ADDED ENTRY--PERSONAL NAME | |
| Personal name | Anson, Francisco |
| 942 ## - ADDED ENTRY ELEMENTS (KOHA) | |
| Koha item type | |
| Withdrawn status | Lost status | Damaged status | Not for loan | Home library | Current library | Shelving location | Date acquired | Total checkouts | Full call number | Barcode | Date last seen | Price effective from | Koha item type |
|---|---|---|---|---|---|---|---|---|---|---|---|---|---|
| Biblioteca Prof. Eusebio Cleto del Rey | Biblioteca Prof. Eusebio Cleto del Rey | 07/04/2026 | 658 M894 | L21707 | 07/04/2026 | 07/04/2026 | Libro | ||||||
| Biblioteca Prof. Eusebio Cleto del Rey | Biblioteca Prof. Eusebio Cleto del Rey | 07/04/2026 | 658 M894 | L21113 | 07/04/2026 | 07/04/2026 | Libro | ||||||
| Biblioteca Prof. Eusebio Cleto del Rey | Biblioteca Prof. Eusebio Cleto del Rey | 07/04/2026 | 658 M894 | L21709 | 07/04/2026 | 07/04/2026 | Libro | ||||||
| Biblioteca Prof. Eusebio Cleto del Rey | Biblioteca Prof. Eusebio Cleto del Rey | 07/04/2026 | 658 M894 | L21708 | 07/04/2026 | 07/04/2026 | Libro | ||||||
| Biblioteca Prof. Eusebio Cleto del Rey | Biblioteca Prof. Eusebio Cleto del Rey | 07/04/2026 | 658 M894 | L21710 | 07/04/2026 | 07/04/2026 | Libro |